| 000 | 00872nas a2200277 4500 | ||
|---|---|---|---|
| 001 | BR0000482 | ||
| 003 | BR-BrBNA | ||
| 005 | 20231205101700.0 | ||
| 007 | ta | ||
| 008 | 230509b bl.|||p| |||| 00| 00por d | ||
| 040 |
_aBR-BrBNA _bpor _cBiblioteca Nacional de Agricultura |
||
| 041 | _a(Pt) | ||
| 072 | _aL73 | ||
| 100 | 1 | _aFreitas, T.R.P. | |
| 100 | 1 | _aCaldas, L.A. | |
| 100 | 1 | _aRebello, M.A. | |
| 245 | 1 | _aAplicacao da neutralizacao viral na deteccao de anticorpos humorais contra o virus da peste suina classica em animais vacinados | |
| 650 | _aSUÍNO | ||
| 650 | _aPeste Suina | ||
| 650 | _aInfeccao | ||
| 650 | _aImunizacao | ||
| 650 | _aMinas Gerais | ||
| 773 | 0 |
_tRevista Brasileira de Medicina Veterinaria (Brazil) _xISSN 0100-2430 _g(May-Jun 1999), v. 21(3) p. 126 _wBR0000482 |
|
| 909 |
_a202311 _bLúcia _c55 _dLúcia Elande |
||
| 942 |
_2AGRIS _n0 _cANA |
||
| 999 |
_c163243 _d163243 |
||